000
00227 a2200097 4500
001
45919
100
_a
Smith P
245
_a
the observer s book of cricket
260
_a
London
_b
Fredrick warne & Co
_c
090
_c
29030
_d
29030
942
_a
NUST-CAE
_c
M
_c
21148
999
_c
280992
_d
280992